B&M Inverted Coasters Quiz Stats

Quiz not verified by Sporcle

Challenge
Share
Tweet
Embed
Score 0/29 Timer 08:00
1 Play Today
Park Roller Coaster % Correct
Parque Warner MadridBatman la Fuga
94%
Six Flags Great AmericaBatman: The Ride
93%
Six Flags Great AdventureBatman: The Ride
93%
Six Flags Magic MountainBatman: The Ride
93%
Six Flags St. LouisBatman: The Ride
93%
Six Flags Over GeorgiaBatman: The Ride
93%
Six Flags Over TexasBatman: The Ride
93%
Busch Gardens EuropeAlpengeist
89.8%
Cedar PointRaptor
89.8%
HersheyparkGreat Bear
87%
Busch Gardens AfricaMontu
86.5%
Alton TowersNemesis
86.5%
Dorney ParkTalon
80%
Universal Studios Islands of AdventureDueling Dragons
79.5%
CarowindsAfterburn
78.1%
Park Roller Coaster % Correct
Knott's Berry FarmSilver Bullet
75.8%
Thorpe ParkNemesis Inferno
73.5%
SeaWorld San AntonioGreat White
72.6%
Worlds of FunPatriot
71.6%
Six Flags Fiesta TexasGoliath
70.2%
California's Great AmericaFlight Deck
69.3%
PhantasialandBlack Mamba
56.3%
MirabilandiaKatun
54.4%
La RondeVampire
47.9%
Walygator ParcMonster
36.3%
Entertainment CityLightning
28.8%
Himeji Central ParkDiavlo
27.9%
Parque Espana-Shima Spain VillagePyrenees
27.9%
Gyeongju WorldPaethon
13%

You're not logged in!

Compare scores with friends on all Sporcle quizzes.
Sign Up with Email
OR
Log In

You Might Also Like...

Show Comments

Extras

Top Quizzes Today


Score Distribution

Your Account Isn't Verified!

In order to create a playlist on Sporcle, you need to verify the email address you used during registration. Go to your Sporcle Settings to finish the process.